000 00576nam a2200169Ia 4500
001 20599
003 GE_BSU
008 181216s||||||||xx |||||||||||||| ||und||
040 _cGE_BSU
245 _aРеферативный журнал, №3.2017. Биология.
245 _bРаздел. Ботаника. Высшие растения.
245 _cгл.ред.РАН Р.В.Петров и др.
653 _aПериодика
653 _aРеферативный журнал, №3.2017. Биология.
653 _aპერიოდიკა
942 _cCR
999 _c53553
_d53553